Slope map development and forest zoning classification modeling using GIS for forest management planning in Peninsular Malaysia

Bibliographic Details
Main Author: SHAH Rani bin Ahmad Zailan
Format: Book
Published: Serdang, Selangor : Universiti Putra Malaysia , 2001
Subjects:

MARC

LEADER 00000cam a2200000 7i4500
001 0000001390
005 20010620.0
090 0 0 |a R THE 910.285095951   |b SHA 2001 
100 0 0 |a SHAH Rani bin Ahmad Zailan 
245 1 0 |a Slope map development and forest zoning classification modeling using GIS for forest management planning in Peninsular Malaysia   |c Shah Rani bin Ahmad Zailan 
260 0 0 |a Serdang, Selangor :   |b Universiti Putra Malaysia ,   |c 2001 
300 |a xi, 89 p. :   |b ill., col. maps ;   |c 30 cm. 
500 0 0 |a Bibliography : [p.70-72] 
500 0 0 |a Theses: Bachelor of Forestry Science, Universiti Putra Malaysia (2001) 
650 0 0 |a Forest management   |z Peninsular Malaysia 
650 0 0 |a Geographic information systems   |z Peninsular Malaysia 
998 |a JPSM 
999 |a 0000002315   |b Monograph   |c Thesis   |e Default branch